|
|
|
|
| LEADER |
00000nbm0a2200000 4500 |
| 001 |
160463 |
| 005 |
20231031155557.0 |
| 029 |
0 |
0 |
|a SU
|b 78045094
|f ТПУ
|
| 035 |
|
|
|a (RuTPU)RU\TPU\book\174009
|
| 035 |
|
|
|a RU\TPU\book\173111
|
| 090 |
|
|
|a 160463
|
| 100 |
|
|
|a 20090522d1981 k y0rusy50 ca
|
| 101 |
0 |
|
|a rus
|
| 102 |
|
|
|a RU
|
| 105 |
|
|
|a a p 001zy
|
| 200 |
1 |
|
|a Исследование коррозийной стойкости и разработка рекомендаций по повышению надежности защиты нефтепроводов Западно-Сибирского региона (на примере нефтепровода Самотлор-Анжеро-Сужденск)
|a Изучение влияния различных факторов на катодное поведение и скорость коррозии трубной стали в типовых грунтах трассы нефтепровода Самотлор-Анжеро-Судженск
|e заключительный отчет о НИР
|e тема: 5-54/77
|f Томский политехнический институт (ТПИ) ; руководитель О. И. Налесник ; Ю. Н. Обливанцев
|
| 210 |
|
|
|a Томск
|d 1981
|
| 215 |
|
|
|a 154 л.
|
| 320 |
|
|
|a Библиогр.: с. 147-149.
|
| 610 |
1 |
|
|a грунты
|
| 610 |
1 |
|
|a сталь
|
| 610 |
1 |
|
|a коррозия
|
| 610 |
1 |
|
|a коррозийная стойкость
|
| 610 |
1 |
|
|a защита
|
| 610 |
1 |
|
|a надежность
|
| 610 |
1 |
|
|a рекомендации
|
| 610 |
1 |
|
|a нефтепроводы
|
| 610 |
1 |
|
|a Западно-Сибирский регион
|
| 610 |
1 |
|
|a катодная поляризация
|
| 610 |
1 |
|
|a влажность
|
| 610 |
1 |
|
|a отчеты о НИР
|
| 675 |
|
|
|a 622.692.4(04)
|v 3
|
| 702 |
|
1 |
|a Налесник
|b О. И.
|c химик-технолог
|c доцент Томского политехнического университета, кандидат технических наук
|f 1939-
|g Олег Иванович
|2 stltpush
|3 (RuTPU)RU\TPU\pers\31832
|4 673
|
| 702 |
|
1 |
|a Обливанцев
|b Ю. Н.
|c химик-технолог
|c доцент Томского политехнического университета
|f 1947-
|g Юрий Николаевич
|2 stltpush
|3 (RuTPU)RU\TPU\pers\31876
|4 677
|
| 712 |
0 |
2 |
|a Томский политехнический институт (ТПИ)
|c (1944-1991)
|2 stltpush
|3 (RuTPU)RU\TPU\col\1123
|
| 801 |
|
1 |
|a RU
|b 63413507
|c 20090513
|g PSBO
|
| 801 |
|
2 |
|a RU
|b 63413507
|c 20160627
|g PSBO
|
| 942 |
|
|
|c BK
|